Jerusalén libertada / (Registro nro. 128661)

Detalles MARC
000 -LEADER
campo de control de longitud fija 00885nam a2200217 i 4500
001 - NÚMERO DE CONTROL
campo de control 128661
003 - IDENTIFICADOR DE NÚMERO DE CONTROL
campo de control ES-MaACL
005 - FECHA Y HORA DE LA ÚLTIMA TRANSACCIÓN
campo de control 20251013234906.0
007 - CAMPO FIJO DE DESCRIPCIÓN FÍSICA--INFORMACIÓN GENERAL
campo de control de longitud fija t|
008 - DATOS DE LONGITUD FIJA--INFORMACIÓN GENERAL
campo de control de longitud fija 070522s1932 sp ||||1| spa d
100 1# - ENTRADA PRINCIPAL--NOMBRE DE PERSONA
Nombre de persona Tasso, Torquato (
Fechas asociadas al nombre 1544-1595)
9 (RLIN) 109373
245 10 - MENCIÓN DEL TÍTULO
Título Jerusalén libertada /
Mención de responsabilidad, etc. Torquato Tasso ; edición ilustrada con numerosas láminas fuera de texto, ejecutadas en 1745 por Juan Bautista Piazzetta ; [traducción de J. Rubio].
260 ## - PUBLICACIÓN, DISTRIBUCIÓN, ETC.
Lugar de publicación, distribución, etc. Barcelona :
Nombre del editor, distribuidor, etc. Iberia,
Fecha de publicación, distribución, etc. 1932.
300 ## - DESCRIPCIÓN FÍSICA
Extensión 142 p., 20 lám. :
Otras características físicas il. ;
Dimensiones 27 cm.
490 1# - MENCIÓN DE SERIE
Mención de serie Las grandes obras maestras de la literatura universal
700 1# - ENTRADA AGREGADA--NOMBRE PERSONAL
Nombre de persona Rubió y Ors, Joaquín,
Fechas asociadas al nombre 1818-1899
9 (RLIN) 132151
700 1# - ENTRADA AGREGADA--NOMBRE PERSONAL
Nombre de persona Piazzetta, Giovanni Battista,
Fechas asociadas al nombre 1683-1754
9 (RLIN) 164154
830 04 - PUNTO DE ACCESO ADICIONAL DE SERIE-TÍTULO UNIFORME
Título uniforme Las grandes obras maestras de la literatura universal
9 (RLIN) 184846
852 ## - LOCALIZACIÓN
Ubicación ES-MaACL
Número de control de estantería A-1178
Existencias
Estatus retirado Estado de pérdida Estado de daño No para préstamo Biblioteca de origen Biblioteca actual Ubicación en estantería Fecha de adquisición Fuente de adquisición Total de préstamos Signatura topográfica completa Código de barras Visto por última vez Precio de reemplazo Tipo de ítem Koha
        Biblioteca del Ateneo de Madrid Biblioteca del Ateneo de Madrid Sala Pecera Planta 1 17/01/2008     A-1178 1133993 23/02/2023 23/02/2023 Libro impreso